Weird Words- Sudden Death - Statistics

General Stats
  • This quiz has been taken 99 times
  • The average score is 6 of 15
Answers on the Grid
Answers color-coded by a green-red scale on the quiz's grid according to % correct below.
Widdershins
Gobbledygook
Lunt
Blunderbuss
Tripe
Zedonk
Peem
Destracciatellate
Bettyhooker
Bilburr
Walloon
Parsimonious
Hinny
Parwiggle
Cuckold
Mindrol
Grundish
Interrobang
Hurkydurk
Crubbly
Loxious
Chicanery
Entwizzled
Photalistic
Haberdashery
Dompler
Frippery
Flimflam
Snickle
Slommy
 
Answer Stats
Answer % Correct
Tripe
61%
Cuckold
57%
Gobbledygook
57%
Blunderbuss
52%
Chicanery
49%
Parsimonious
49%
Haberdashery
46%
Flimflam
42%
Interrobang
32%
Frippery
28%
Walloon
25%
Hinny
23%
Zedonk
22%
Snickle
20%
Widdershins
14%
No matching quizzes found
Score Distribution
Percent of People with Each Score
Percentile by Number Answered
Your Score History
You have not taken this quiz